| 000 | 02740nam0a2200493 4500 | ||
|---|---|---|---|
| 001 | RU\NLR\bibl\358209 | ||
| 005 | 20260408152659.0 | ||
| 010 |
_a5-94201-107-9 _91550 |
||
| 021 |
_aRU _b2002-55292 _92686 |
||
| 035 | _a(NLR Aleph) 000352848 | ||
| 090 |
_a286932 _c286932 |
||
| 100 | _a20030117d2002 u y0rusy50 ca | ||
| 101 | 0 | _arus | |
| 102 | _aRU | ||
| 105 | _aa ||||||||| | ||
| 200 | 1 |
_aАгрессия и психическое здоровье _dAggression and mental health _f[Т. Б. Дмитриева, Б. В. Шостакович, Г. Б. Агаларзаде и др.] _gПод ред. акад. РАМН Т. Б. Дмитриевой и проф. Б. В. Шостаковича _gАссоц. "Юрид. центр", М-во здравоохранения РФ, Гос. науч. центр социал. и судеб. психиатрии им. В.П. Сербского _zeng |
|
| 210 |
_aСПб. _cЮрид. центр пресс _d2002 |
||
| 215 |
_a460,[4] с. _cил. _d22 |
||
| 225 | 1 | _aТеория и практика уголовного права и уголовного процесса | |
| 300 | _aАвт. указаны на 461-й с. | ||
| 320 | _aБиблиогр.: с. 448-460 | ||
| 510 | 0 | _aAggression and mental health | |
| 606 | 0 |
_aАгрессивность _xСудебно-психиатрическая экспертиза _92279589 _3RU\NLR\auth\661365848 |
|
| 606 | 0 |
_aПреступления, совершенные лицами, страдающими психическими расстройствами _xПредупреждение _yРоссийская Федерация _92021229 _3RU\NLR\auth\66930221 |
|
| 606 |
_aАгрессивность (психол.) _3RU\NLR\auth\6616106 _9916563 |
||
| 610 | 0 | _aАгрессивность (психол.) | |
| 610 | 0 | _aЮридическая психология | |
| 675 |
_a343.953 _v3 _zrus |
||
| 686 |
_a10.77 _2rugasnti |
||
| 686 |
_a67.51 _2rubbk |
||
| 686 | _aР648.1 | ||
| 686 | _aР64-325 | ||
| 686 | _aЮ936.2-81 | ||
| 686 | _aХ628.101.101 | ||
| 701 | 1 |
_4070 _8rus _7ca _aДмитриева _bТ.Б. _cд-р мед. наук _f1951-2010 _gТатьяна Борисовна _3RU\NLR\auth\7722806 _95861 |
|
| 701 | 1 |
_4070 _8rus _7ca _aШостакович _bБ. В. _f1932-2007 _gБорис Владимирович _3RU\NLR\auth\7756145 _939077 |
|
| 701 | 1 |
_aАгаларзаде _bГ. Б. _gГюльшад Башир-Кызы _4070 |
|
| 712 | 0 | 2 |
_4570 _a"Юридический центр", ассоциация _cСанкт-Петербург _3RU\NLR\AUTH\8810042940 _9585331 |
| 801 | 0 |
_aRU _bRKP _c20030117 _gPSBO |
|
| 801 | 1 |
_aRU _bRKP _c20030117 |
|
| 801 | 2 |
_aRU _bNLR _c20131003 _grcr |
|
| 942 | _cBOOK | ||
| 980 | _aNB | ||